000 00249nam a2200097Ia 4500
001 690320
005 20250826161814.0
008 250824s9999 xx 000 0 und d
245 0 _aHESAPLAŞMA YÜZYILI
_cİBRAHİM KARAGÜL
260 _bTİMAŞ YAYINLARI
999 _c690320
_d690320